Statistics for Countries Bordering Romania - Map Quiz

Click here to take the quiz!

General Stats

  • This quiz has been taken 556 times
  • The average score is 5 of 5

Answers on the Map

Answers color-coded by a green-red scale on the quiz's map according to % correct below.
 

Answer Stats

Answer% Correct
Bulgaria
96%
Hungary
95%
Moldova
95%
Serbia
93%
Ukraine
93%

Score Distribution

Percentile by Number Answered

Percent of People with Each Score

Your Score History

You have not taken this quiz